000 01140nam a2200265Ia 4500
001 21596
005 20260420114928.0
008 260320s9999||||xx |||||||||||||| ||und||
020 _a9788497324847
041 _aESP
082 _a657.61
_bM19
100 _aMallo, Carlos,
_eAUT
245 0 _aNormas internacionales de contabilidad (NIIF) :
_blas normas internacionales de información financiera
250 _aSegunda edición
260 _a[Lugar de publicación no identificado] :
_bThomson,
_c2006
300 _axv, 375 páginas :
_bcuadros, figuras ;
_c24 cm.
505 _aDatos extraídos de la cubierta
650 _aTCA
653 _aContabilidad; Normas Internacionales (NIIF)
654 _aCCO
700 _aPulido, Antonio,
_cAUT
856 _uhttps://0u213x74l-y-https-ebooks7--24-com.itmsp.museknowledge.com/visorBook.aspx?i=46821&t=C8B1BC01-8914-4164-A026-EEA1F57E2020
_zVéase además: NIIF esenciales, por Ramiro Gamboa Suárez. Versión digital
856 _uhttps://0u213x74l-y-https-ebooks7--24-com.itmsp.museknowledge.com/biblioteca.aspx
_zVéase además: Base de datos Ebook7-24
942 _cLIB
_dJUS
_fTRC
_2ddc
999 _c21596
_d21596